Hebrew Names of Selected Countries - Statistics

General Stats
  • This quiz has been taken 367 times
  • The average score is 14 of 20
Answer Stats
Country in Hebrew approx. pronunciation Country in English % Correct
פולין Polin Poland
95%
דרום אפריקה Drom Africa South Africa
94%
יפן Yapan Japan
93%
נורבגיה Norvegia Norway
93%
סוריה Soorya Syria
83%
ירדן Yarden Jordan
79%
ספרד Sefarad Spain
75%
מצרים Mitsraim Egypt
74%
סין Seen China
73%
שבדיה Shvedia Sweden
72%
איחוד האמירויות Ihud HaEmirooyot United Arab Emirates
71%
צרפת Tsarfat France
66%
ארצות הברית Artsot HaBreet United States
66%
יוון Yavan Greece
60%
הממלכה המאוחדת HaMamlacha HaMeuhedet United Kingdom
59%
הודו Odoo India
57%
תימן Teyman Yemen
55%
לוב Loob Libya
47%
קפריסין Kafreeseen Cyprus
46%
חוף השנהב Hof HaShenav Cote d'Ivoire
41%
No matching quizzes found
Score Distribution
Percent of People with Each Score
Percentile by Number Answered
Your Score History
You have not taken this quiz